000 01013nam a2200277 i 4500
001 186588
003 SpMaBN
005 20250904063111.0
008 161202s1994 sp |||| | spa d
020 _a84-7223-416-9
080 _a821.134.2(861)-34"19"
080 _a821.133.1(493)-34"19"
100 1 _aGarcía Márquez, Gabriel,
_d1927-2014
_9242191
245 1 3 _aEl mismo cuento distinto /
_cGabriel García Márquez. El hombre en la calle / Georges Simenon ; traducción de Carlos Pujol ; Apéndice. El comisario Maigret y su creador, Georges Simenon.
250 _a1ª ed.
260 _aBarcelona :
_bTusquets,
_c1994.
300 _a73 p. ;
_c18 cm.
490 1 _aMaigret ;
_v0
700 1 _aSimenon, Georges,
_d1903-1989
_9106467
700 1 _aPujol, Carlos,
_d1936-2012
_994332
740 3 2 _aEl hombre en la calle.
740 3 2 _aEl comisario Maigret y su creador, Georges Simenon.
830 0 _aMaigret ;
_v0
_9225435
852 _aES-MaACL
_j2333-F-38
999 _c186588
_d186588